000 01056na a2200277 4500
999 _c8001
_d8001
001 21171
003 MIRAKIL
005 20200702174009.0
008 170201b tu 000 0
035 _a21171
040 _aMilas
_btur
_cTR-AnCHP
041 _atur
082 _aCHP 324.2172
_bC36157h 2016
090 _aBROŞÜR 429
110 _aCumhuriyet Halk Partisi (CHP)
_bBilgi ve İletişim Teknolojileri (BİTEM) Genel Başkan Yardımcılığı
245 _aHedefimiz; Türkiye'yi bilgi toplumuna, CHP'yi e-partiye dönüştürmektir!
_cCHP BİTEM
260 _aAnkara
_bCHP
_c2016
300 _aktl. broşür
_brnkl. fotg.
_c21 sm.
440 _aCHP BİTEM yayınları
_pBroşürler
610 _aCumhuriyet Halk Partisi (CHP)
_bBilgi ve İletişim Teknolojileri Genel Başkan Yardımcılığı
_xÇalışma raporları
_yBroşürler
830 _aCHP broşürleri
942 _cBKS
999 _d8001